| 000 | 00430nam a22001577a 4500 | ||
|---|---|---|---|
| 999 |
_c18219 _d18219 |
||
| 008 | 200203b xxu||||| |||| 00| 0 eng d | ||
| 020 | _a1854315072 | ||
| 050 |
_a7975 _b.E39 1996 c.1 |
||
| 100 | _aEdwards, Susan S.M. | ||
| 245 |
_aSex and Gender in the Legal Process _cSusan S.M. Edwards |
||
| 260 |
_aNew York _bBlackstone _c1996 |
||
| 300 | _axxv, 461p. | ||
| 650 | _asex crimes | ||
| 650 | _aSex and Law | ||
| 942 |
_2lcc _cBK |
||